Reformas constitucionales pueden abonar camino hacia la paz
Presenta aspectos referidos a los acuerdos sobre reformas constitucionales en materia de fuerza armada, sistema judicial, electoral y derechos humanos pactados durante las jornadas de discusiones del 4 al 27 de abril en México. Se señala que los acuerdos buscan someter la fuerza armada al poder civ...
Salvato in:
| Natura: | Libro |
|---|---|
| Lingua: | Spanish |
| Soggetti: | |
| Tags: |
Aggiungi Tag
Nessun Tag, puoi essere il primo ad aggiungerne!!
|
MARC
| LEADER | 00000nam a22000007a 4500 | ||
|---|---|---|---|
| 003 | cru CIDCACS/IIS | ||
| 005 | 20201028151824.0 | ||
| 008 | 201028b ||||| |||| 00| 0 spa d | ||
| 999 | |c 43462 |d 43462 | ||
| 040 | |c cru CIDCACS/IIS | ||
| 245 | |a Reformas constitucionales pueden abonar camino hacia la paz | ||
| 300 | |a páginas 1-4 | ||
| 520 | |a Presenta aspectos referidos a los acuerdos sobre reformas constitucionales en materia de fuerza armada, sistema judicial, electoral y derechos humanos pactados durante las jornadas de discusiones del 4 al 27 de abril en México. Se señala que los acuerdos buscan someter la fuerza armada al poder civil y a lograr la independencia de los sistemas judicial y electoral con respecto al gobierno y los partidos políticos. Son detallados los acuerdos de la fuerza armada, el tema judicial, el sistema electoral, los derechos humanos, el interés de Estados Unidos y de la Unión Soviética, las pugnas políticas y el caso de los jesuitas. Además incluye el Acuerdo de México (27 de abril de 1991) firmado por representantes del gobierno, el FMLN y el representante del Secretario General de las Naciones Unidas. AR/MR | ||
| 650 | 4 | |9 3229 |a PLANES DE PAZ | |
| 650 | 4 | |9 1923 |a GUERRILLEROS | |
| 650 | 0 | |9 70 |a FUERZAS ARMADAS | |
| 650 | 7 | |9 8729 |a ORGANIZACIONES REVOLUCIONARIAS | |
| 650 | 4 | |9 3217 |a PROBLEMAS POLITICOS | |
| 651 | 4 | |9 1928 |a EL SALVADOR | |
| 773 | 0 | |0 42570 |9 4989 |a Universidad de Costa Rica |d San José, Costa Rica CSUCA; Universidad de Costa Rica, 1988- |o MFN: 1483 |t Centroamérica Hoy/ | |
| 942 | |2 ddc |c PP | ||
